Franchises NBA - Statistiques

Statistiques générales
  • Ce quiz a été pris 824 fois
  • Le résultat moyen est 24 sur 30
Statistiques - réponses
Franchise Ville % Correct
Celtics Boston
98%
Knicks New York
96%
Lakers Los Angeles
94%
Bulls Chicago
93%
Heat Miami
91%
Raptors Toronto
91%
76ers Philadelphie
90%
Nuggets Denver
88%
Clippers Los Angeles
88%
Nets Brooklyn
86%
Pistons Détroit
85%
Jazz Utah
85%
Cavaliers Cleveland
84%
Warriors Golden State
84%
Spurs San Antonio
84%
Kings Sacramento
80%
Hornets Charlotte
78%
Pacers Indiana
78%
Magic Orlando
78%
Mavericks Dallas
76%
Suns Phoenix
76%
Hawks Atlanta
75%
Bucks Milwaukee
75%
Timberwolves Minnesota
75%
Rockets Houston
74%
Wizards Washington
74%
Trail Blazers Portland
73%
Thunder Oklahoma City
67%
Grizzlies Memphis
66%
Pelicans La-Nouvelle-Orléans
54%
Aucun quiz correspondant
Distribution des résultats
% des personnes avec chaque résultat
Percentile par nombre de réponses
Votre historique - résultats
Vous n’avez pas pris ce quiz